Pokémon - Les attaques de Skelénox - Statistiques

Statistiques générales
  • Ce quiz a été pris 12 fois
  • Le résultat moyen est 9 sur 13
Statistiques - réponses
Niveaux Types Noms des attaques % Correct
Niveau 24 Feu Feu Follet
100%
Niveau 8 Spectre Ombre Portée
88%
Niveau 40 Spectre Ball'Ombre
75%
Départ Spectre Étonnement
75%
Niveau 36 Spectre Malédiction
75%
Niveau 44 Psy Prescience
75%
Niveau 32 Spectre Châtiment
63%
Départ Normal Groz'Yeux
63%
Niveau 16 Spectre Ombre Nocturne
63%
Niveau 28 Normal Regard Noir
63%
Niveau 20 Ténèbres Représailles
63%
Niveau 12 Spectre Onde Folie
50%
Niveau 4 Normal Entrave
25%
Aucun quiz correspondant
Distribution des résultats
% des personnes avec chaque résultat
Percentile par nombre de réponses
Votre historique - résultats
Vous n’avez pas pris ce quiz